| 000 | 03954nab a2200349 i 4500 | ||
|---|---|---|---|
| 003 | BR-BrBNA | ||
| 005 | 20260318181227.0 | ||
| 008 | 260318b2018 bl.qr|pooa||| 00| 0 eng | | ||
| 040 |
_aBR-BrBNA _beng |
||
| 072 |
_aT01 _b1190 |
||
| 100 | _aKateivas, Katielle Silva Brito | ||
| 100 | _aCairo, Paulo Araquém Ramos | ||
| 100 | _aNeves, Pedro Henrique Santos | ||
| 100 | _aRibeiro, Roger Sebastian Silva | ||
| 100 | _aLeitão, Carlos André Espolador | ||
| 100 | _aMachado, Leohana Martins | ||
| 245 | _aMorphophysiological changes in Psidium cattleianum caused by air emissions from a mining industry in Brumado, Bahia, Brazil | ||
| 500 | _a Publicação online; 35 ref.; 5 illus.; Summaries (En, Pt) | ||
| 520 | _a ABSTRACT: Psidium cattleianum is a bioindicator species of air pollutants, notably NOx and SO2. The aim of this study was to evaluate the effects of air emissions from a mining industry in Brumado, Bahia, Brazil, on the morphophysiological characteristics of P. cattleianum. A field experiment was carried out with potted plants in two distinct areas: (1) permanent exposure to NOx and SO2 emissions; and (2) free from the influence of the plume formed by these air pollutants (control). Plant height, leaves area and quantity, leaves, stem and roots dry mass, and chlorophyll and soluble sugar contents were evaluated. In the plants exposed to the pollutant plume, height growth inhibition and leaf size and quantity reduction were observed, besides showing symptoms of chlorosis and necrosis. Dry matter production was also lower in all organs. The chlorophyll a content was lower, but chlorophyll b content did not change. The soluble sugars content was not affected by the pollutants. It was concluded that the atmospheric emissions from the mining industry negatively affect the physiological characteristics of P. cattleianum, inhibiting the plant growth. Key words :araçá; bioindicators; environmental pollution; growth; phytotoxicity | ||
| 520 | _a RESUMO: Psidium cattleianum é uma espécie bioindicadora de poluentes atmosféricos, notadamente NOx e SO2. Neste estudo se objetivou avaliar os efeitos de emissões atmosféricas provenientes de uma indústria mineradora em Brumado, Bahia, Brasil, sobre características morfofisiológicas de P. cattleianum. Conduziu-se um experimento de campo, com plantas em vasos, em duas áreas distintas: (1) exposição permanente às emissões de NOx e SO2; e (2) livre da influência da pluma formada por esses poluentes atmosféricos (controle). Avaliaram-se altura de plantas, área foliar, número de folhas, massa seca de folhas, caule e raízes e teores de clorofilas e açúcares solúveis. Nas plantas expostas à pluma de poluentes, observaram-se inibição no crescimento em altura e redução no tamanho e quantidade de folhas, além de sintomas de clorose e necrose. A produção de massa seca também foi menor, em todos os órgãos. O teor de clorofila a foi mais baixo, mas o de clorofila b não se alterou. O teor de açúcares solúveis não foi afetado pelos poluentes. Concluiu-se que as emissões atmosféricas provenientes da indústria mineradora afetam negativamente características morfofisiológicas de P. cattleianum, inibindo o crescimento das plantas. Palavras-chave: araçá; bioindicadores; poluição atmosférica; crescimento; fitotoxicidade | ||
| 650 | _aARAÇÃ | ||
| 650 | _aFRUTA TROPICAL | ||
| 650 | _aPOLUIÇÃO DO AR | ||
| 650 | _aMINERAÇÃO | ||
| 650 | _aFITOTOXICIDADE | ||
| 650 | _aBIOINDICADOR | ||
| 650 | _aBAHIA | ||
| 773 | 0 |
_04656 _9360705 _dRecife-PE Universidade Federal Rural de Pernambuco 2006 _o2026-1087 _tRevista Brasileira de Ciências Agrárias (Brazil) _x1981-1160 _gv. 13(4) p. 1-8; (2018) _wBR2025005712 |
|
| 856 | _uhttp://www.agraria.pro.br/ojs32/index.php/RBCA/article/view/v13i4a5579/277 | ||
| 942 | _cANA | ||
| 999 |
_c340454 _d340454 |
||